| 000 -LEADER |
| fixed length control field |
01367nam a22002297a 4500 |
| 005 - DATE AND TIME OF LATEST TRANSACTION |
| control field |
20190816144306.0 |
| 008 - FIXED-LENGTH DATA ELEMENTS--GENERAL INFORMATION |
| fixed length control field |
190816b ||||| |||| 00| 0 eng d |
| 020 ## - INTERNATIONAL STANDARD BOOK NUMBER |
| International Standard Book Number |
9780754823902 |
| 040 ## - CATALOGING SOURCE |
| Transcribing agency |
KH8 |
| 082 ## - DEWEY DECIMAL CLASSIFICATION NUMBER |
| Classification number |
794.809 PAR |
| 100 ## - MAIN ENTRY--PERSONAL NAME |
| Personal name |
Parkin, Simon |
| 245 ## - TITLE STATEMENT |
| Title |
An illustrated history of 151 video games : |
| Remainder of title |
a detailed guide to the most important games / |
| Statement of responsibility, etc. |
Simon Parkin |
| 246 ## - VARYING FORM OF TITLE |
| Title proper/short title |
An illustrated history of one hundred and fifty one video games. |
| 260 ## - PUBLICATION, DISTRIBUTION, ETC. |
| Place of publication, distribution, etc. |
London [United Kingdom] : |
| Name of publisher, distributor, etc. |
Lorenz Books, an imprint of Anness Publishing Ltd., |
| Date of publication, distribution, etc. |
[2017] ©2017. |
| 300 ## - PHYSICAL DESCRIPTION |
| Extent |
255 pages : |
| Other physical details |
color illustrations ; |
| Dimensions |
29 cm |
| 500 ## - GENERAL NOTE |
| General note |
Includes index. |
| 505 ## - FORMATTED CONTENTS NOTE |
| Formatted contents note |
The 1970s --<br/>The 1980s --<br/>The 1990s --<br/>The 2000s. |
| 520 ## - SUMMARY, ETC. |
| Summary, etc. |
<br/>"An in-depth exploration of the evolution of video games, the machines they are played on, and the culture that surrounds them. Chronicles the history of gaming through the individual stories of the world's most iconic and best-loved games. Includes key titles across all platforms, including arcade, console, PC, online and handheld games. Charts five decades of video games evolution, from Computer Space to Red Dead Redemption. Beautifully illustrated with over 1000 action screenshots, game artworks and photographs"--Back cover. |
| 650 ## - SUBJECT ADDED ENTRY--TOPICAL TERM |
| Topical term or geographic name entry element |
Video games |
| Form subdivision |
History. |
| 650 ## - SUBJECT ADDED ENTRY--TOPICAL TERM |
| Topical term or geographic name entry element |
Video games. |
| 942 ## - ADDED ENTRY ELEMENTS (KOHA) |
| Source of classification or shelving scheme |
|
| Koha item type |
Books - Non Ficton |